|
|
|
|
| LEADER |
00000nab a2200000 a 4500 |
| 001 |
vtls000704390 |
| 003 |
SK-MaSNL |
| 005 |
20260318124247.0 |
| 008 |
160314c1999 xo 0 hun |
| 015 |
|
|
|a SNBRB1999/10-13125
|
| 035 |
|
|
|a CLN000056557
|
| 040 |
|
|
|a SNKBUCL
|b slo
|c SNKBUCL
|e AACR2
|
| 041 |
0 |
|
|a slo
|
| 044 |
|
|
|a xo
|c SK
|
| 080 |
|
|
|a 82:929:894.511 (437.6)
|2 1997
|
| 080 |
|
|
|a 894.511 (437.6):929
|2 1997
|
| 080 |
|
|
|a 929 Farkas, Jenő
|2 1997
|
| 080 |
|
|
|a 2-051
|2 1997
|
| 080 |
|
|
|a 262.1:282
|2 1997
|
| 080 |
|
|
|a 244
|2 1997
|
| 100 |
1 |
|
|a Dénes, György,
|d 1923-2007
|4 aut
|9 106980
|
| 245 |
1 |
0 |
|a "Örömmel vittem a súlyos keresztet"
|b Farkas Jenő papköltő emlékének
|c Dénes György
|
| 300 |
|
|
|b Fotogr.
|
| 600 |
1 |
7 |
|a Farkas, Jenő,
|d 1922-1979
|2 snkbucl
|9 38234
|
| 773 |
0 |
|
|t Remény
|g Roč. 10, č. 37 (1999), s. 5
|
| 850 |
|
|
|a Slovenská národná knižnica
|
| 852 |
|
|
|a Slovenská národná knižnica
|
| 958 |
|
|
|a HU
|
| 958 |
|
|
|a SK
|
| 958 |
|
|
|a LX
|
| 958 |
|
|
|a BX
|
| 958 |
|
|
|a RBX
|
| 999 |
|
|
|c 2541806
|d 2543736
|